书目信息 |
| 题名: |
管理心理学
|
|
| 作者: | 苏东水 编著 | |
| 分册: | ||
| 出版信息: | 上海 复旦大学出版社 2002.04 |
|
| 页数: | 550页 | |
| 开本: | 24cm | |
| 丛书名: | ||
| 单 册: | ||
| 中图分类: | C93 | |
| 科图分类: | ||
| 主题词: | ||
| 电子资源: | ||
| ISBN: | 978-7-309-03135-5 | |
| 000 | 00527nam0 2200169 450 | |
| 001 | 202410222881660097 | |
| 005 | 20241022165244.24 | |
| 010 | @a978-7-309-03135-5@d¥30.00 | |
| 100 | @a20241022d km y0chiy0120 ea | |
| 101 | 0 | @achi |
| 200 | 1 | @a管理心理学@AGuan Li Xin Li Xue@f苏东水编著@FSu Dong Shui Bian Zhu |
| 210 | @a上海@c复旦大学出版社@d2002.04 | |
| 215 | @a550页@d24cm | |
| 690 | @aC93@v4 | |
| 701 | 0 | @a苏东水@ASu Dong Shui@4编著 |
| 801 | 0 | @aCN@b大连网信软件有限公司图书馆·11@c20241022 |
| 905 | @aZUCC@b7510789@dC93@e1096 | |
| 管理心理学/苏东水编著.-上海:复旦大学出版社,2002.04 |
| 550页;24cm |
| ISBN 978-7-309-03135-5:¥30.00 |
| ● |
| 相关链接 |
|
|
|
|
正题名:管理心理学
索取号:C93/1096
 
预约/预借
| 序号 | 登录号 | 条形码 | 馆藏地/架位号 | 状态 | 备注 |
| 1 | 7510789 | 275107894 | 密集书库-史法系/ [索取号:C93/1096] | 在馆 |